Statistics for Country Boggle #2

Click here to take the quiz!

General Stats

  • This quiz has been taken 30,905 times
    (30,827 since last reset)
  • The average score is 7 of 19

Answer Stats

Country% Correct
Japan
85%
France
72%
Italy
71%
Yemen
63%
Qatar
51%
Oman
40%
Iran
39%
Iraq
36%
Poland
36%
Cuba
35%
Bhutan
28%
Mali
26%
Malta
24%
Laos
23%
Fiji
22%
Somalia
21%
Lebanon
15%
Samoa
15%
Albania
14%

Score Distribution

Percentile by Number Answered

Percent of People with Each Score

Your Score History

You have not taken this quiz since the last reset